000 00631nam a2200205 i 4500
001 149745
003 ES-MaACL
005 20230906203235.0
007 t|
008 071024s1964 sp ||||1| spa d
100 1 _aValsecchi, Marco.
_9112987
245 1 0 _aNational Gallery
_b: Londres /
_cMarco Valsecchi ; versión española revisada por Marcial Olivar.
260 _a[Pamplona] :
_bSalvat,
_c[1964]
300 _a158 p. :
_bil. ;
_c28 cm.
490 1 _aMuseos y monumentos
700 1 _aOlivar, Marcial.
_986759
830 0 _aMuseos y monumentos
_9186910
852 _aES-MaACL
_jC-25839
_bR.54426
999 _c149745
_d149745